Banijyik Patiganit (Record no. 5320)

MARC details
000 -LEADER
fixed length control field 00462cam a2200181ua 4500
001 - CONTROL NUMBER
control field 6173
005 - DATE AND TIME OF LATEST TRANSACTION
control field 20260515114013.0
008 - FIXED-LENGTH DATA ELEMENTS--GENERAL INFORMATION
fixed length control field 131120n ii |||gr||||Z||||||asm
040 ## - CATALOGING SOURCE
Transcribing agency MAIN
082 ## - DEWEY DECIMAL CLASSIFICATION NUMBER
Classification number 657
245 ## - TITLE STATEMENT
Title Banijyik Patiganit
Statement of responsibility, etc. By Badan Chandra Barua
260 ## - PUBLICATION, DISTRIBUTION, ETC.
Place of publication, distribution, etc. Guwahati:
Name of publisher, distributor, etc. Pathyaputhi Sammanay Samiti,
Date of publication, distribution, etc. 1974.
300 ## - PHYSICAL DESCRIPTION
Extent x,248p.
653 ## - INDEX TERM--UNCONTROLLED
Uncontrolled term Commerce
653 ## - INDEX TERM--UNCONTROLLED
Uncontrolled term Banijyik Patiganit
700 ## - ADDED ENTRY--PERSONAL NAME
Personal name Barua,Badan Chandra,
Relator term Author.
942 ## - ADDED ENTRY ELEMENTS (KOHA)
Koha item type Books
Holdings
Withdrawn status Lost status Damaged status Not for loan Home library Current library Shelving location Date acquired Total checkouts Full call number Barcode Date last seen Copy number Price effective from Koha item type
        Naharkatiya College Library Naharkatiya College Library General stacks 09/19/2020   657 | BAR 14061 09/19/2020 1 09/19/2020 Books